01272cam a2200325 a 45000010008000000030004000080050017000120060019000290070015000480080041000630200031001040200026001350350026001610400026001870420008002130500023002210500013002441000022002572100059002792450139003382600053004774900048005305040051005785060043006296500057006726500016007297000019007457730050007648560132008147917172OSt20170110141248.0m d cr n 090126s2009 enka sb 001 0 eng d a9781848822436 (alk. paper) a9781848822443 (eISBN) a(WaSeSS)ssj0000135373 aDLCcDLCdDLCdWaSeSS apcc 4aTS155.65b.L5 2009 4aTS155.651 aLi, ZhiWu,d1967-10aDeadlock Resolution in Automated Manufacturing Systems10aDeadlock Resolution in Automated Manufacturing Systemsh[electronic resource] :bA Novel Petri Net Approach /cZhiWu Li, MengChu Zhou. a[London] :bSpringer Verlag London Ltd.,cc2009.0 aAdvances in industrial control ;v1430-9491 aIncludes bibliographical references and index. aLicense restrictions may limit access. 0aFlexible manufacturing systemsxMathematical models. 0aPetri nets.1 aZhou, MengChu. 0tSpringerLink ebooks - Computer Science (2009)40uhttp://www.columbia.edu/cgi-bin/cul/resolve?clio7917172zFull text available from SpringerLink ebooks - Computer Science (2009)